000 01535nam a22001937a 4500
005 20250214160436.0
008 250214b ||||| |||| 00| 0 eng d
020 _a9781108731997
040 _cAL
041 _aeng
082 _223
_a339
_bTHOM
100 _aAlex M Thomas
_9199865
245 _aMacroeconomics
_b: an introduction
260 _aNew York
_bCambridge University Press
_c2024
300 _axviii,234p.
_bPB
_c24x14cm.
365 _2General
_a6383
_b440
_d550
_e20%
_f6/2/2025
520 _aMacroeconomics: An Introduction, provides a lucid and novel introduction to macroeconomic issues. It introduces the reader to an alternative approach of understanding macroeconomics, which is inspired by the works of Adam Smith, David Ricardo, Karl Marx, John Maynard Keynes, and Piero Sraffa. It also presents the reader with a critical account of mainstream marginalist macroeconomics. The book begins with a brief history of economic theories and then takes the reader through three different ways of conceptualizing the macroeconomy. Subsequently, the theories of money and interest rates, output and employment levels, and economic growth are discussed. The book ends by providing a policy template for addressing the macroeconomic concerns of unemployment and inflation. The conceptual discussion in Macroeconomics is situated within the context of the Indian economy. Besides using publicly available data, the contextual description is instantiated using excerpts from works of fiction by Indian authors.
942 _2ddc
_cBK
999 _c233788
_d233788